| 000 | 00730nam a2200181Ia 4500 | ||
|---|---|---|---|
| 008 | 100921s9999 xx 000 0 und d | ||
| 082 |
_b32909 _a927 न 00 |
||
| 100 | _aदिपमोहन,अनु, घाटपांडे महेश,ठाकुर योगेंद्र. | ||
| 245 | _aरेखा ओ रेखा. | ||
| 260 |
_bशिवानी प्रकाशन, मुंबई. _c2000 |
||
| 300 |
_a224 _bशांती पब्लिकेशन,पुणे |
||
| 365 | _b150 | ||
| 520 | _aचरित्रे-कलाकार. | ||
| 630 | _aरेखा ओ रेखा. | ||
| 650 | _aचरित्रे-कलाकार. | ||
| 730 | _aरेखा ओ रेखा. | ||
| 942 | _cBOOK | ||
| 999 |
_c782022 _d782019 |
||